000 00736nam a2200229 a 4500
001 BRCA_8271
005 20190320210215.0
008 090614s1930----gw-a###f##---#000-0#ger-#
041 _ager
044 _agw
050 4 _aNC910.5
_b.B46 1930
100 1 _aBehmer, Marcus
_920651
245 1 0 _aZehn scherenschnitte
_bals jahresgabe für der freundes kreis der staatlichen kunst-bibliothek
_cvon Marcus Behmer.
260 _aBerlín
_bW. Buxenstein
_c1930
300 _a1 v. (sin paginación)
_bil., 10 láminas
_c22 cm.
500 _aEstado físico: cubiertas (portada y contraportada) rotas
500 _aS50
650 1 4 _aSiluetas
_vObjetos de arte
_920652
650 1 4 _aSombras
_vFiguras
_920653
902 _aGFM
942 _2lcc
_cB
999 _c7939
_d7939